[Event "Welsh Under 50 2025"]
[Site "?"]
[Date "2025.09.27"]
[Round "2.3"]
[White "Fathallah, Joe"]
[Black "Kong, Emma Zihan"]
[Result "1-0"]
[WhiteElo "1987"]
[BlackElo "1833"]
[PlyCount "91"]
[GameId "2228528040591626"]
[EventDate "2025.??.??"]

1. d4 f5 2. g3 Nf6 3. Bg2 g6 4. Nf3 Bg7 5. O-O O-O 6. c4 d6 7. Nc3 Qe8 8. d5 Na6 9. Rb1 Nc5 10. b4 Nce4 11. Nb5 Qd8 12. Bb2 c6 13. Nc3 Nxd5 14. Nxe4 Bxb2 15. cxd5 fxe4 16. Rxb2 exf3 17. Bxf3 Bh3 18. Bg2 Bxg2 19. Kxg2 Qd7 20. Qb3 Rf7 21. e4 Raf8 22. f4 Qc7 23. Rc2 Qb6 24. dxc6 bxc6 25. Rfc1 Qd4 26. Qc4 Qf6 27. Qxc6 e5 28. Rf1 h5 29. Rd2 Rd8 30. Rdf2 Rdf8 31. Qd5 Kh7 32. f5 Kg7 33. h4 g5 34. hxg5 Qxg5 35. Qxd6 Rf6 36. Qxe5 Kh7 37. Qf4 Qg7 38. Rh1 Qf7 39. Rc2 Rd8 40. Rc7 Rd7 41. Rxd7 Qxd7 42. Rxh5+ Kg8 43. Qg5+ Qg7 44. Qxg7+ Kxg7 45. Kf3 Ra6 46. Rh2 1-0

[Event "Welsh Under 50 2025"]
[Site "?"]
[Date "2025.09.27"]
[Round "2.4"]
[White "Turner, George"]
[Black "Richards, Gareth"]
[Result "1-0"]
[WhiteElo "1919"]
[BlackElo "1560"]
[WhiteFideId "-1"]
[WhiteFideId "-1"]
[PlyCount "71"]
[GameId "2228528040591627"]
[EventDate "2025.??.??"]

1. e4 e5 2. Nf3 Nc6 3. Bc4 Nf6 4. d3 Bc5 5. c3 a6 6. Bb3 d6 7. Nbd2 O-O 8. O-O Bg4 9. h3 Bh5 10. Re1 Qd7 11. Nf1 Rad8 12. Ng3 Bg6 13. Bg5 h6 14. Bxf6 gxf6 15. Nh4 Kh7 16. Nhf5 Ne7 17. Nh5 Bxh5 18. Qxh5 Nxf5 19. exf5 d5 20. Rad1 Rg8 21. d4 Rg5 22. Qh4 exd4 23. cxd4 Bb4 24. Re2 Qxf5 25. Bc2 Qxc2 26. Rxc2 Bd6 27. f4 Rg6 28. Re1 Rdg8 29. Re3 b5 30. Rce2 c5 31. Re8 cxd4 32. Rxg8 Rxg8 33. Qxf6 Bc5 34. Qxf7+ Rg7 35. Qf5+ Rg6 36. Re6 1-0

[Event "Welsh Under 50 2025"]
[Site "?"]
[Date "2025.09.27"]
[Round "2.5"]
[White "McGhee, David"]
[Black "Belochkin, David"]
[Result "1-0"]
[WhiteElo "1846"]
[BlackElo "1585"]
[WhiteFideId "-1"]
[WhiteFideId "-1"]
[PlyCount "87"]
[GameId "2228528040591628"]
[EventDate "2025.??.??"]

1. e4 e5 2. Nf3 Nc6 3. d4 exd4 4. Nxd4 Nge7 5. Nc3 Nxd4 6. Qxd4 Nc6 7. Qd1 Bc5 8. Bc4 d6 9. O-O Ne5 10. Be2 O-O 11. Na4 Bb6 12. Nxb6 axb6 13. Re1 f5 14. Bf4 Ng6 15. Qd2 fxe4 16. Bg5 Qd7 17. Bc4+ Kh8 18. Rxe4 Qf5 19. Rae1 Ra5 20. Bf4 Bd7 21. Bg3 d5 22. Rd4 c6 23. Bd3 Qf6 24. Bxg6 hxg6 25. Rf4 Bf5 26. Rh4+ Kg8 27. Rb4 Rxa2 28. Rxb6 Rxb2 29. Be5 Rxc2 30. Qxc2 Bxc2 31. Bxf6 Rxf6 32. Rxb7 d4 33. Re8+ Kh7 34. Ree7 d3 35. Rxg7+ Kh6 36. h4 Kh5 37. Rb4 Kh6 38. Rd7 Re6 39. g4 g5 40. h5 Re1+ 41. Kg2 Re2 42. Rb8 d2 43. Rh8+ Bh7 44. Rhxh7# 1-0

[Event "Welsh Under 50 2025"]
[Site "?"]
[Date "2025.09.27"]
[Round "2.6"]
[White "Browse, Joseph"]
[Black "Zheng, Lucas"]
[Result "1-0"]
[WhiteElo "1815"]
[BlackElo "1635"]
[WhiteFideId "-1"]
[PlyCount "71"]
[GameId "2228528040595725"]
[EventDate "2025.??.??"]

1. d4 Nf6 2. Nf3 e6 3. c4 c5 4. d5 exd5 5. cxd5 d6 6. Nc3 g6 7. e4 Bg7 8. h3 O-O 9. Bd3 a6 10. a4 Re8 11. O-O Nbd7 12. Bf4 Qe7 13. Nd2 Ne5 14. Be2 Rb8 15. Bh2 Bh6 16. f4 Ned7 17. a5 b5 18. axb6 Rxb6 19. Nc4 Rb4 20. e5 dxe5 21. fxe5 Rxc4 22. Bxc4 Be3+ 23. Kh1 Nxe5 24. d6 Qd8 25. Bxe5 Rxe5 26. Qf3 Bf5 27. g4 Nxg4 28. hxg4 Qh4+ 29. Kg2 Bd4 30. Qg3 Qg5 31. gxf5 Qd2+ 32. Rf2 Bxf2 33. Qxf2 Qg5+ 34. Qg3 Qd2+ 35. Be2 Rxf5 36. Rd1 1-0

[Event "Welsh Under 50 2025"]
[Site "?"]
[Date "2025.09.27"]
[Round "2.7"]
[White "Wilkins, Zack"]
[Black "Walker, Elnira"]
[Result "1-0"]
[WhiteElo "1644"]
[BlackElo "1794"]
[WhiteFideId "-1"]
[WhiteFideId "-1"]
[PlyCount "45"]
[GameId "2228528040595726"]
[EventDate "2025.??.??"]

1. e4 c6 2. d4 d5 3. e5 Bf5 4. Nc3 e6 5. g4 Bg6 6. Nge2 c5 7. h4 h5 8. Nf4 Bh7 9. Nxh5 Nc6 10. Bb5 cxd4 11. Qxd4 Bxc2 12. Bg5 Qd7 13. Qd2 Bh7 14. Rc1 a6 15. Bxc6 Qxc6 16. Ne4 Qa4 17. Nc3 Qxg4 18. Nf4 f6 19. Ncxd5 exd5 20. e6 fxg5 21. Qxd5 Rd8 22. Rc8 Bb4+ 23. Kf1 1-0

[Event "Welsh Under 50 2025"]
[Site "?"]
[Date "2025.09.27"]
[Round "2.8"]
[White "Tye, Jack"]
[Black "Zhuravlev, Andrei"]
[Result "1/2-1/2"]
[WhiteElo "1682"]
[BlackElo "1430"]
[WhiteFideId "-1"]
[WhiteFideId "-1"]
[PlyCount "65"]
[GameId "2228528040595727"]
[EventDate "2025.??.??"]

1. e4 e5 2. Nf3 Nc6 3. Bb5 Be7 4. c3 Nf6 5. O-O a6 6. Ba4 d6 7. Re1 Bg4 8. d3 O-O 9. h3 Bh5 10. Nbd2 d5 11. exd5 Qxd5 12. Bxc6 bxc6 13. Qc2 Bd6 14. b4 Bg6 15. Ne4 Nxe4 16. dxe4 Qc4 17. Qb3 Qd3 18. Nd2 c5 19. Qc4 Qxc4 20. Nxc4 cxb4 21. Nxd6 cxd6 22. cxb4 Rfd8 23. f4 f6 24. f5 Bf7 25. Be3 Rab8 26. a3 d5 27. exd5 Bxd5 28. Bc5 Bc4 29. Rad1 Bb5 30. Be7 Re8 31. Bc5 Rbd8 32. Bb6 Rb8 33. Bc5 1/2-1/2

[Event "Welsh Under 50 2025"]
[Site "?"]
[Date "2025.09.27"]
[Round "2.9"]
[White "Murthy, Arush"]
[Black "James, Lucas"]
[Result "1/2-1/2"]
[WhiteElo "1594"]
[BlackElo "1659"]
[WhiteFideId "-1"]
[WhiteFideId "-1"]
[PlyCount "108"]
[GameId "2228528040599824"]
[EventDate "2025.??.??"]

1. d4 Nf6 2. c4 g6 3. Nc3 Bg7 4. Nf3 O-O 5. Bf4 d6 6. e3 Nbd7 7. Be2 c6 8. e4 Qc7 9. c5 Nh5 10. Bg5 f6 11. Bc4+ Kh8 12. cxd6 exd6 13. Be3 Nb6 14. Bb3 d5 15. exd5 Nxd5 16. Bxd5 cxd5 17. Nxd5 Qd6 18. Nc3 Nf4 19. O-O Nd5 20. Nxd5 Qxd5 21. h3 Bd7 22. Nd2 Bc6 23. Qf3 Qb5 24. Qg3 Rad8 25. Nb3 Rfe8 26. Rfd1 Bd5 27. Rdc1 Bf8 28. Qg4 Re4 29. Qd1 f5 30. Qf1 Qxf1+ 31. Kxf1 Bc6 32. Bg5 Rde8 33. Bf6+ Bg7 34. Bxg7+ Kxg7 35. a4 Re2 36. Na5 Rxb2 37. Nxc6 bxc6 38. Rcb1 Rxb1+ 39. Rxb1 Kf7 40. Rc1 Rc8 41. Ke2 Ke7 42. Rc5 Kd6 43. Kd3 Rb8 44. Kc3 Rb1 45. Ra5 Rb7 46. f4 Kc7 47. g3 Kb6 48. Rc5 a5 49. Kc4 Re7 50. Re5 Rd7 51. Rc5 Re7 52. Re5 Rc7 53. Re6 Rd7 54. Re5 Rc7 1/2-1/2

[Event "Welsh Under 50 2025"]
[Site "?"]
[Date "2025.09.27"]
[Round "3.1"]
[White "Tapp, James"]
[Black "Fathallah, Joe"]
[Result "1-0"]
[WhiteElo "1992"]
[BlackElo "1987"]
[WhiteFideId "-1"]
[PlyCount "143"]
[GameId "2228528040599825"]
[EventDate "2025.??.??"]

1. d4 Nf6 2. Bg5 d5 3. Bxf6 exf6 4. e3 Be6 5. g3 Qd7 6. Bg2 Nc6 7. Ne2 h5 8. h4 Bd6 9. Nbc3 Ne7 10. Qd2 f5 11. a3 g6 12. Nf4 Bxf4 13. exf4 O-O 14. O-O Nc8 15. Qd3 c6 16. Kh2 Nd6 17. Ne2 Kg7 18. Ng1 Rae8 19. Rfe1 f6 20. Bf1 Bf7 21. f3 Rxe1 22. Rxe1 Re8 23. Qd2 Nc4 24. Bxc4 dxc4 25. Re3 Rxe3 26. Qxe3 Bd5 27. Kg2 Kf7 28. Ne2 Qe7 29. Qd2 b6 30. Nc3 Qd6 31. Kf2 Qe6 32. Nd1 Qd7 33. Ne3 a5 34. Qc3 Qe6 35. Qd2 Qd7 36. Qe2 Qe6 37. Qf1 Kg7 38. Ke2 c3 39. Qc1 cxb2 40. Qxb2 b5 41. Qc3 Bc4+ 42. Kd2 Bd5 43. Ke2 Bc4+ 44. Kf2 a4 45. Qb4 Ba2 46. Qc5 Kf7 47. Ke2 Bc4+ 48. Kd2 Ba2 49. Qa7+ Qe7 50. Qxe7+ Kxe7 51. Kc3 Kd6 52. Kb4 Bd5 53. c4 bxc4 54. Kxa4 Bxf3 55. Kb4 Be2 56. a4 c3 57. Kxc3 c5 58. Nc4+ Kd5 59. Nb6+ Kc6 60. dxc5 Kxc5 61. Nd7+ Kd5 62. Nxf6+ Ke6 63. Nh7 Bf1 64. Kd4 Be2 65. Nf8+ Kf7 66. Nd7 Ke6 67. Ne5 Kf6 68. Kd5 Bf1 69. Kd6 Be2 70. a5 Bf1 71. Nd7+ Kf7 72. Nc5 1-0

[Event "Welsh Under 50 2025"]
[Site "?"]
[Date "2025.09.27"]
[Round "3.2"]
[White "Duke, Dillan"]
[Black "McGhee, David"]
[Result "1/2-1/2"]
[WhiteElo "2026"]
[BlackElo "1846"]
[WhiteFideId "-1"]
[PlyCount "89"]
[GameId "2228528040599826"]
[EventDate "2025.??.??"]

1. e4 c5 2. Nf3 d6 3. d4 cxd4 4. Nxd4 Nf6 5. Nc3 a6 6. Bg5 e6 7. f4 h6 8. Bh4 Qb6 9. Qd2 Qxb2 10. Rb1 Qa3 11. Bd3 Nbd7 12. f5 Nc5 13. fxe6 Nxe6 14. Bxf6 gxf6 15. Nd5 Nxd4 16. Nc7+ Kd8 17. Nxa8 Qc5 18. Nb6 Be6 19. Na4 Qa7 20. Nb6 Rg8 21. Qf2 Nb5 22. Bxb5 axb5 23. Nd5 Qa5+ 24. Qd2 Qxd2+ 25. Kxd2 Rxg2+ 26. Kd3 f5 27. Ne3 fxe4+ 28. Kxe4 Rg5 29. Rhg1 Re5+ 30. Kd3 Kc7 31. a3 Be7 32. Rgf1 Bg5 33. Rf3 Kc6 34. Rb4 d5 35. a4 bxa4 36. Rxa4 f5 37. h4 Be7 38. Raf4 Kc5 39. Nxf5 Bxf5+ 40. Rxf5 Rxf5 41. Rxf5 Bxh4 42. c4 Be7 43. cxd5 b5 44. d6+ Kxd6 45. Rxb5 1/2-1/2

[Event "Welsh Under 50 2025"]
[Site "?"]
[Date "2025.09.27"]
[Round "3.3"]
[White "Kong, Emma Zihan"]
[Black "Turner, George"]
[Result "0-1"]
[WhiteElo "1833"]
[BlackElo "1919"]
[WhiteFideId "-1"]
[PlyCount "104"]
[GameId "2228528040599827"]
[EventDate "2025.??.??"]

1. d4 Nf6 2. c4 g6 3. g3 Bg7 4. Bg2 c5 5. d5 d6 6. Nc3 O-O 7. Nf3 a6 8. a4 Qa5 9. O-O Nbd7 10. Bd2 Ng4 11. e4 Nge5 12. Nxe5 Nxe5 13. Ne2 Qc7 14. Qc2 Bg4 15. f3 Bd7 16. f4 Ng4 17. h3 Nf6 18. a5 b5 19. axb6 Qxb6 20. e5 Bf5 21. Qc1 Nd7 22. Ra3 h5 23. Ba5 Qb7 24. Nc3 Bd3 25. Re1 Bxc4 26. e6 Nf6 27. Qd2 Rab8 28. exf7+ Rxf7 29. f5 gxf5 30. Qg5 Qxb2 31. Raa1 Ne4 32. Nxe4 fxe4 33. Kh1 Bd3 34. Rac1 Kf8 35. Bxe4 Bxe4+ 36. Rxe4 Qf2 37. Rf4 Rxf4 38. Qxf4+ Qxf4 39. gxf4 Rb3 40. Kg2 Rd3 41. Rb1 Rxd5 42. Rb8+ Kf7 43. Be1 Rd3 44. Ra8 Ra3 45. Bh4 Bf6 46. Bf2 c4 47. Rc8 c3 48. Be3 d5 49. Kf3 d4 50. Bxd4 Bxd4 51. Ke4 Bf6 52. Rc5 h4 0-1

[Event "Welsh Under 50 2025"]
[Site "?"]
[Date "2025.09.27"]
[Round "3.4"]
[White "Jones, Archie"]
[Black "Browse, Joseph"]
[Result "0-1"]
[WhiteElo "1450"]
[BlackElo "1815"]
[WhiteFideId "-1"]
[PlyCount "66"]
[GameId "2228528040603924"]
[EventDate "2025.??.??"]

1. d4 d5 2. c4 e6 3. Nf3 c6 4. g3 dxc4 5. Bg2 b5 6. O-O Bb7 7. Bf4 Nf6 8. Nbd2 a6 9. Qc2 Be7 10. Rad1 O-O 11. Ne4 Qb6 12. Nxf6+ Bxf6 13. Ne5 Rd8 14. Qe4 Bxe5 15. Bxe5 Nd7 16. a3 Nxe5 17. dxe5 Rab8 18. Qh4 Ba8 19. Rd6 Rxd6 20. exd6 c5 21. Bxa8 Rxa8 22. Rd1 Rd8 23. Qe7 g6 24. d7 Kg7 25. Rd6 Qc7 26. Qe8 a5 27. Rc6 Qxd7 28. Qxd7 Rxd7 29. Rxc5 Rd5 30. Rc6 Rd1+ 31. Kg2 Rd2 32. Kf3 Rxb2 33. Ra6 Rb3+ 0-1

[Event "Welsh Under 50 2025"]
[Site "?"]
[Date "2025.09.27"]
[Round "3.5"]
[White "Richards, Gareth"]
[Black "Wilkins, Zack"]
[Result "1/2-1/2"]
[WhiteElo "1560"]
[BlackElo "1644"]
[WhiteFideId "-1"]
[WhiteFideId "-1"]
[PlyCount "30"]
[GameId "2228528040603925"]
[EventDate "2025.??.??"]

1. e4 e5 2. Nf3 Nc6 3. Bb5 a6 4. Ba4 Nf6 5. O-O d6 6. d4 b5 7. Bb3 Nxd4 8. Nxd4 exd4 9. Bg5 Be7 10. c3 dxc3 11. Nxc3 O-O 12. Nd5 Nxd5 13. Bxd5 Rb8 14. Be3 c5 15. b4 Bb7 1/2-1/2

[Event "Welsh Under 50 2025"]
[Site "?"]
[Date "2025.09.27"]
[Round "3.6"]
[White "Belochkin, David"]
[Black "Tye, Jack"]
[Result "0-1"]
[WhiteElo "1585"]
[BlackElo "1682"]
[WhiteFideId "-1"]
[WhiteFideId "-1"]
[PlyCount "82"]
[GameId "2228528040603926"]
[EventDate "2025.??.??"]

1. e4 c5 2. Nf3 Nc6 3. Bc4 g6 4. Nc3 Bg7 5. d3 d6 6. Be3 a6 7. a4 e6 8. d4 cxd4 9. Nxd4 Nge7 10. Nde2 O-O 11. O-O Qc7 12. Ba2 Rd8 13. Rb1 Nb4 14. Bb3 d5 15. exd5 Nexd5 16. Nxd5 Nxd5 17. Bg5 Bf6 18. Qc1 b6 19. Rd1 Bb7 20. c4 Bxg5 21. Qxg5 Nb4 22. Nc3 Kg7 23. Qe3 Qc6 24. f3 Qc5 25. Qxc5 bxc5 26. Ne4 Bxe4 27. fxe4 e5 28. Kf2 Rd4 29. Rxd4 exd4 30. Ke2 Re8 31. Kf3 a5 32. Re1 Kf6 33. h4 Ke5 34. Kg4 Nd3 35. Re2 Nc1 36. Rf2 Nxb3 37. Kg5 d3 38. Kh6 d2 39. Kxh7 d1=Q 40. Rxf7 Qh5+ 41. Kg7 Qh8+ 0-1

[Event "Welsh Under 50 2025"]
[Site "?"]
[Date "2025.09.27"]
[Round "3.7"]
[White "James, Lucas"]
[Black "Zhuravlev, Andrei"]
[Result "1/2-1/2"]
[Annotator "rhyfe"]
[WhiteElo "1659"]
[BlackElo "1430"]
[WhiteFideId "-1"]
[WhiteFideId "-1"]
[PlyCount "48"]
[GameId "2228528040603927"]
[EventDate "2025.??.??"]

1. e4 e5 2. Nf3 Nc6 3. Bc4 Bc5 4. b4 Bxb4 5. c3 Ba5 6. d4 exd4 7. O-O Nf6 8. Ba3 d6 9. Qb3 O-O 10. e5 Nxe5 11. Nxe5 dxe5 12. Bxf8 Qxf8 13. Qb5 b6 14. Qxe5 dxc3 15. Nxc3 Qb4 16. Qxc7 b5 17. Qxf7+ Kh8 18. Nxb5 Ba6 19. Rab1 Qc5 20. Qe6 Bb6 21. Nd6 Bxc4 22. Nxc4 Re8 23. Qf7 Rf8 24. Qe6 Re8 1/2-1/2

[Event "Welsh Under 50 2025"]
[Site "?"]
[Date "2025.09.27"]
[Round "3.8"]
[White "Zheng, Lucas"]
[Black "Murthy, Arush"]
[Result "1/2-1/2"]
[WhiteElo "1635"]
[BlackElo "1594"]
[WhiteFideId "-1"]
[WhiteFideId "-1"]
[PlyCount "55"]
[GameId "2228528040608024"]
[EventDate "2025.??.??"]

1. e4 d5 2. exd5 Nf6 3. d4 Nxd5 4. c4 Nb6 5. Nf3 g6 6. Nc3 Bg7 7. Be3 O-O 8. Be2 Nc6 9. O-O e5 10. d5 Ne7 11. Bc5 Re8 12. Re1 Nf5 13. Bd3 Nd6 14. Qe2 Bg4 15. h3 Bxf3 16. Qxf3 Ndxc4 17. a4 Nd6 18. Rac1 e4 19. Nxe4 Nxe4 20. Bxe4 Nxa4 21. Ba3 Bxb2 22. Bxb2 Nxb2 23. Qb3 Qf6 24. Rb1 Qd4 25. Qxb2 Qxb2 26. Rxb2 f5 27. Rxb7 fxe4 28. Rxc7 1/2-1/2

[Event "Welsh Under 50 2025"]
[Site "?"]
[Date "2025.09.28"]
[Round "4.1"]
[White "Turner, George"]
[Black "Tapp, James"]
[Result "0-1"]
[WhiteElo "1919"]
[BlackElo "1992"]
[WhiteFideId "-1"]
[WhiteFideId "-1"]
[PlyCount "84"]
[GameId "2228528040608025"]
[EventDate "2025.??.??"]

1. e4 c6 2. c4 d5 3. exd5 cxd5 4. cxd5 Nf6 5. Bb5+ Nbd7 6. Nc3 g6 7. d4 Bg7 8. d6 exd6 9. Qe2+ Qe7 10. Bf4 d5 11. Bd6 Qxe2+ 12. Bxe2 Ne4 13. Nxe4 dxe4 14. O-O-O Nb6 15. Kb1 Be6 16. Bb5+ Bd7 17. Bxd7+ Kxd7 18. Bg3 Nd5 19. Ne2 Ke6 20. Nf4+ Nxf4 21. Bxf4 Kd5 22. Rhe1 Rhe8 23. Re2 Rac8 24. b3 h6 25. Bc1 Bf8 26. Bb2 f5 27. h4 Bd6 28. g3 g5 29. hxg5 hxg5 30. Rh1 Rh8 31. Ree1 f4 32. g4 Rh4 33. Rxh4 gxh4 34. g5 Be7 35. Rg1 Rg8 36. g6 Bf6 37. Rg4 f3 38. Bc1 h3 39. Bf4 e3 40. fxe3 f2 41. e4+ Kxd4 42. Bc1 f1=Q 0-1

[Event "Welsh Under 50 2025"]
[Site "?"]
[Date "2025.09.28"]
[Round "4.2"]
[White "Browse, Joseph"]
[Black "Duke, Dillan"]
[Result "0-1"]
[WhiteElo "1815"]
[BlackElo "2026"]
[PlyCount "52"]
[GameId "2228528040608026"]
[EventDate "2025.??.??"]

1. e4 c5 2. Nf3 Nc6 3. d4 cxd4 4. Nxd4 Nf6 5. Nc3 e5 6. Ndb5 d6 7. Nd5 Nxd5 8. exd5 Nb8 9. a4 Be7 10. Be2 O-O 11. Bd2 f5 12. a5 Nd7 13. Bb4 Rf6 14. O-O e4 15. Nd4 Ne5 16. a6 f4 17. axb7 Bxb7 18. Ne6 Qe8 19. f3 e3 20. Nc7 Qh5 21. Nxa8 Rh6 22. h3 Bc8 23. Rf2 Bxh3 24. g4 exf2+ 25. Kxf2 Qh4+ 26. Kg1 Qg3+ 0-1

[Event "Welsh Under 50 2025"]
[Site "?"]
[Date "2025.09.28"]
[Round "4.3"]
[White "Fathallah, Joe"]
[Black "Jukes, Sam"]
[Result "1/2-1/2"]
[WhiteElo "1987"]
[BlackElo "1930"]
[PlyCount "73"]
[GameId "2228528040608027"]
[EventDate "2025.??.??"]

1. d4 Nf6 2. c4 e6 3. Nf3 b6 4. g3 Ba6 5. Qc2 c5 6. Bg2 Nc6 7. Qa4 Bb7 8. O-O Nxd4 9. Nxd4 Bxg2 10. Nxe6 fxe6 11. Kxg2 Be7 12. Nc3 O-O 13. e4 Qc7 14. Bf4 Qb7 15. Rad1 Rad8 16. f3 Ne8 17. Rd2 g5 18. Be3 g4 19. f4 Nd6 20. Qd1 Nxe4 21. Qxg4+ Kh8 22. Qf3 d5 23. Nxe4 dxe4 24. Qe2 Bf6 25. Rfd1 Rxd2 26. Rxd2 Rf7 27. b3 Rd7 28. Qd1 Rd3 29. Kf2 Qd7 30. Ke2 e5 31. Rxd3 exd3+ 32. Qxd3 Qh3 33. fxe5 Qxh2+ 34. Bf2 Qh5+ 35. Qf3 Qxe5+ 36. Qe3 Qh5+ 37. Qf3 1/2-1/2

[Event "Welsh Under 50 2025"]
[Site "?"]
[Date "2025.09.28"]
[Round "4.4"]
[White "Wilkins, Zack"]
[Black "McGhee, David"]
[Result "1/2-1/2"]
[WhiteElo "1644"]
[BlackElo "1846"]
[WhiteFideId "-1"]
[WhiteFideId "-1"]
[PlyCount "67"]
[GameId "2228528040612124"]
[EventDate "2025.??.??"]

1. e4 c5 2. Nf3 d6 3. d4 cxd4 4. Nxd4 Nf6 5. Nc3 a6 6. Rg1 b5 7. a4 b4 8. Nd5 Bb7 9. Nxf6+ exf6 10. Bf4 Be7 11. Nf5 O-O 12. Qg4 g6 13. O-O-O Bc8 14. Nxe7+ Qxe7 15. Qg3 Rd8 16. Bc4 Be6 17. Bd5 Ra7 18. Qb3 a5 19. Be3 Bxd5 20. Qxd5 Rb7 21. Rd3 Nc6 22. Qxc6 Rc7 23. Qd5 Rdc8 24. Rd2 Rc4 25. Qxd6 Rxc2+ 26. Kb1 Qxe4 27. Rd3 b3 28. Rgd1 Kg7 29. Qd5 Qxa4 30. Qxb3 Qc6 31. Rc3 Rxc3 32. Qxc3 Qe4+ 33. Qd3 Qxg2 34. Qd5 1/2-1/2

[Event "Welsh Under 50 2025"]
[Site "?"]
[Date "2025.09.28"]
[Round "4.5"]
[White "Tye, Jack"]
[Black "Richards, Gareth"]
[Result "1-0"]
[WhiteElo "1682"]
[BlackElo "1560"]
[WhiteFideId "-1"]
[WhiteFideId "-1"]
[PlyCount "91"]
[GameId "2228528040612125"]
[EventDate "2025.??.??"]

1. e4 e5 2. Nf3 Nc6 3. Bc4 Nf6 4. O-O Bc5 5. Re1 O-O 6. c3 a6 7. d4 exd4 8. cxd4 Bb6 9. Bg5 h6 10. Bh4 g5 11. Bg3 d5 12. exd5 Nxd5 13. Nc3 Be6 14. Qd2 g4 15. Qxh6 Qf6 16. Qxf6 Nxf6 17. d5 Nxd5 18. Nxd5 Ba5 19. b4 Nxb4 20. Ne7+ Kg7 21. Bxe6 gxf3 22. Bb3 Nc6 23. Re4 f5 24. Nxc6 fxe4 25. Nxa5 b6 26. Nc6 Kg6 27. Bd5 Rae8 28. Re1 fxg2 29. Kxg2 Rf6 30. Rxe4 Rxe4 31. Bxe4+ Kf7 32. Bxc7 b5 33. Be5 Rh6 34. Bg3 Ke6 35. Nd4+ Kd7 36. Kf3 a5 37. Bc6+ Rxc6 38. Nxc6 Kxc6 39. h4 Kd7 40. h5 Ke6 41. Ke4 b4 42. f4 a4 43. f5+ Kf6 44. Be5+ Kf7 45. h6 b3 46. axb3 1-0

[Event "Welsh Under 50 2025"]
[Site "?"]
[Date "2025.09.28"]
[Round "4.6"]
[White "Lucas, James"]
[Black "Kong, Emma Zihan"]
[Result "0-1"]
[WhiteElo "1659"]
[BlackElo "1833"]
[WhiteFideId "-1"]
[PlyCount "78"]
[GameId "2228528040612126"]
[EventDate "2025.??.??"]

1. e4 c5 2. d4 cxd4 3. c3 dxc3 4. Nxc3 Nc6 5. Nf3 e6 6. Bc4 Bb4 7. O-O Nge7 8. Bg5 h6 9. Bh4 O-O 10. Rc1 a6 11. a3 Ba5 12. b4 Bc7 13. Nd5 exd5 14. exd5 g5 15. Bxg5 hxg5 16. Nxg5 Bf4 17. Nxf7 Rxf7 18. dxc6 d5 19. cxb7 Bxb7 20. Qg4+ Kf8 21. Rcd1 Qc7 22. Bd3 Bxh2+ 23. Kh1 Qf4 24. Qh3 Rf6 25. Qh8+ Ng8 26. Bh7 Kf7 27. Bxg8+ Rxg8 28. Qh5+ Kg7 29. Rfe1 Qd6 30. Qg5+ Kf8 31. Re8+ Kxe8 32. Qxg8+ Qf8 33. Qh7 Rh6 34. Qc2 Bg3+ 35. Kg1 Bxf2+ 36. Kf1 Be3+ 37. Ke2 Qf2+ 38. Kd3 Qf5+ 39. Kc3 Rc6+ 0-1

[Event "Welsh Under 50 2025"]
[Site "?"]
[Date "2025.09.28"]
[Round "4.7"]
[White "Walker, Elmira"]
[Black "Zheng, Lucas"]
[Result "1/2-1/2"]
[WhiteElo "1794"]
[BlackElo "1635"]
[WhiteFideId "-1"]
[WhiteFideId "-1"]
[PlyCount "74"]
[GameId "2228528040612127"]
[EventDate "2025.??.??"]

1. e4 c5 2. Nf3 d6 3. d4 cxd4 4. Nxd4 Nf6 5. Nc3 g6 6. Be3 Bg7 7. f3 O-O 8. Qd2 Nc6 9. O-O-O d5 10. exd5 Nxd5 11. Nxc6 bxc6 12. Bd4 Bxd4 13. Qxd4 Be6 14. Bc4 Qa5 15. Nxd5 cxd5 16. Bb3 Rab8 17. a3 Rfc8 18. Rd3 Qb5 19. g4 a5 20. h4 h6 21. Rg1 Qd7 22. Kb1 h5 23. Ka2 hxg4 24. fxg4 Ra8 25. Ba4 Qd6 26. Bb3 a4 27. Bxa4 Rc4 28. Qxc4 dxc4 29. Rxd6 exd6 30. Bb5 Rb8 31. a4 d5 32. c3 Rd8 33. Kb1 d4 34. Kc2 d3+ 35. Kd2 Rb8 36. Rg3 Rb7 37. Rg1 Rb8 1/2-1/2

[Event "Welsh Under 50 2025"]
[Site "?"]
[Date "2025.09.28"]
[Round "4.8"]
[White "Murthy, Arush"]
[Black "Jones, Archie"]
[Result "1-0"]
[WhiteElo "1594"]
[BlackElo "1450"]
[WhiteFideId "-1"]
[WhiteFideId "-1"]
[PlyCount "39"]
[GameId "2228528040612128"]
[EventDate "2025.??.??"]

1. d4 d5 2. c4 e6 3. e3 Nf6 4. Nf3 Bd6 5. Nc3 O-O 6. Bd3 b6 7. cxd5 exd5 8. O-O Bb7 9. Ne5 Nbd7 10. f4 c5 11. Rf3 c4 12. Bc2 a6 13. a4 Qc7 14. Qe1 Bb4 15. Rh3 Bc8 16. Qh4 h6 17. Rg3 Kh8 18. Ng4 Qd6 19. Nxh6 Nh7 20. Nxf7+ 1-0

[Event "Welsh Under 50 2025"]
[Site "?"]
[Date "2025.09.28"]
[Round "5.1"]
[White "Tapp, James"]
[Black "Duke, Dillan"]
[Result "1/2-1/2"]
[Annotator "Home"]
[WhiteElo "1992"]
[BlackElo "2026"]
[WhiteFideId "-1"]
[PlyCount "39"]
[GameId "2248218967497162"]
[EventDate "2025.??.??"]

{[%evp 0,39,14,18,17,18,14,12,17,6,28,26,28,23,2,20,0,27,38,3,36,37,18,28,39,46,45,47,61,62,60,35,23,33,49,37,44,25,28,-13,0,-30]} 1. d4 Nf6 2. Nf3 e6 3. g3 d5 4. Bg2 Be7 5. O-O O-O 6. c4 dxc4 7. Qc2 a6 8. a4 Nc6 9. Qxc4 Qd5 10. Nbd2 Rd8 11. e3 Qxc4 12. Nxc4 a5 13. b3 Nb4 14. Nfe5 Ne8 15. Bb2 f6 16. Nf3 Bd7 17. Rfd1 Bc6 18. Rac1 Nd6 19. Nxd6 cxd6 20. Ba3 1/2-1/2

[Event "Welsh Under 50 2025"]
[Site "?"]
[Date "2025.09.28"]
[Round "5.2"]
[White "McGhee, David"]
[Black "Fathallah, Joe"]
[Result "1/2-1/2"]
[Annotator "Home"]
[WhiteElo "1846"]
[BlackElo "1987"]
[WhiteFideId "-1"]
[PlyCount "160"]
[GameId "2248219061500394"]
[EventDate "2025.??.??"]

{[%evp 0,120,13,11,20,22,21,24,-3,25,22,30,31,21,22,17,24,-89,-109,-100,-154,-91,-80,-114,-114,-84,-109,-117,-114,-104,-107,-120,-92,-122,-118,-114,-93,-145,-186,-76,-143,-142,-99,-158,-87,-134,-146,-171,-106,-178,-73,-95,-54,-85,-71,-46,-55,-37,-72,-67,-47,-72,-79,-123,-87,-87,-93,-196,-93,-51,-80,-19,-104,-147,-126,-183,-307,-191,-160,-199,-193,-202,-426,-313,-383,-346,-186,-118,-261,-250,-311,-252,-121,-243,-250,-63,-252,-272,-250,-240,-249,-247,-274,-294,-283,-307,-291,-439,-453,-466,-225,-368,-229,-221,-206,-201,-208,-220,-211,-238,-199,-219,-205]} 1. e4 e6 2. d4 d5 3. e5 c5 4. c3 Nc6 5. Nf3 Qb6 6. Be2 cxd4 7. cxd4 Nge7 8. O-O Nf5 9. Be3 Qxb2 10. Nbd2 Be7 11. Qa4 Qa3 12. Qxa3 Bxa3 13. Bd3 Bb2 14. Rab1 Bxd4 15. Nxd4 Ncxd4 16. Bf4 O-O 17. Rfc1 f6 18. g4 Nh4 19. exf6 Rxf6 20. Bg3 Nhf3+ 21. Nxf3 Rxf3 22. Bf1 Rf7 23. Rc3 Nc6 24. Bg2 g5 25. h4 h6 26. hxg5 hxg5 27. Bh2 Kg7 28. Rbb3 Na5 29. Be5+ Kf8 30. Rb1 Nc4 31. Rxc4 dxc4 32. Rb4 Rd7 33. Rxc4 Rd1+ 34. Kh2 Ke7 35. Rc7+ Rd7 36. Rc3 Rd2 37. Rc7+ Bd7 38. Rxb7 Rf8 39. Bg3 Rh8+ 40. Kg1 Rd1+ 41. Bf1 Kf6 42. Rb3 Ba4 43. Re3 Ke7 44. Kg2 Bc6+ 45. f3 Rd2+ 46. Re2 Rxe2+ 47. Bxe2 Rd8 48. Be1 Rb8 49. Bc3 Bd5 50. a3 Rb3 51. Bd4 a5 52. Bc5+ Kf6 53. Bd4+ e5 54. Bc5 e4 55. fxe4 Bxe4+ 56. Kf2 Bc6 57. Bd4+ Kg6 58. Bc5 Bd7 59. Be7 Rh3 60. Bf3 Rh2+ 61. Kg3 Ra2 62. Be4+ Kf7 63. Bd5+ Kxe7 64. Bxa2 Kd6 65. Bb1 Ke5 66. Kf3 Kd4 67. Bf5 Bc6+ 68. Ke2 Kc3 69. Ke3 Kb3 70. Kd4 Kxa3 71. Kc3 Bf3 72. Be6 Bd1 73. Bf5 a4 74. Bd7 Be2 75. Be6 Bf3 76. Bd7 Bd1 77. Be6 Bb3 78. Bd7 Bd1 79. Be6 Be2 80. Bd7 Bd1 1/2-1/2